000
00225nam a22000857a 4500
008
161219b xxu||||| |||| 00| 0 eng d
100
_9
2125
_a
Shankar
245
_a
The Singing Donkey
260
_a
New Delhi
_b
Childrens Book Trust
_c
2011
999
_c
5007
_d
5007